| 000 | 00628cam a22002411 4500 | ||
|---|---|---|---|
| 001 | sa 64006432 | ||
| 003 | DLC | ||
| 005 | 20260227112039.0 | ||
| 008 | 891129s1958 ii b 000 0 malo | ||
| 010 | _asa 64006432 | ||
| 035 | _a(OCoLC)20709292 | ||
| 040 |
_aDLC _cWaU _dDLC |
||
| 042 | _apremarc | ||
| 043 | _aa-iq--- | ||
| 050 | 0 | 0 |
_aPJ3018 _b.K7 |
| 100 | 0 |
_aKrishna Chaitanya, _d1918- |
|
| 245 | 1 | 0 | _aMesopoṭṭēmiyan sāhityacaritr̲aṃ. |
| 260 | _c[1958] | ||
| 300 |
_a102 p. _bmaps. _c18 cm. |
||
| 500 | _aIn Malayalam. | ||
| 650 | 0 |
_aSemitic philology _xHistory and criticism. |
|
| 651 | 0 |
_aIraq _xLanguages. |
|
| 999 |
_c59695 _d59695 |
||